00881cam a2200241 a 45000010008000000030004000080050017000120080041000290100017000700400019000870430012001060500016001180510114001340820017002481000033002652450094002982600043003923000019004354900027004545040051004816500043005327100064005759602467OSt20230620112423.0820225m18741878enk b 001 0 eng  a 03013743  aDLCcCarPdDLC ae-uk---00aJN118b.S77 aJN118b.S77 Copy 3cFrom the library of Oliver Wendell Holmes Jr., with 1 leaf of ms. notes laid in each vol. a320.941bGEN1 aStubbs, William,d1825-1901.14aThe constitutional history of England in its origin and development /cby William Stubbs. aOxford :bClarendon Press,c1874-1878. a3 v. ;c20 cm.0 aClarendon Press series aIncludes bibliographical references and index. 0aConstitutional historyzGreat Britain.2 aOliver Wendell Holmes Collection (Library of Congress)5DLC